[Event "Tuapse op"]
[White "Zhugin, Nikolay"]
[Black "Gochelashvili, David"]
[Site "Tuapse"]
[Round "2"]
[Result "0-1"]
[Date "2022.06.18"]
[WhiteElo "2117"]
[BlackElo "2338"]
[PlyCount "88"]
[EventDate "2022.06.17"]
[EventType "swiss"]
[EventRounds "9"]
[EventCountry "RUS"]
[SourceTitle "CBM 209 Extra"]
[Source "ChessBase"]
[SourceDate "2022.09.30"]
[SourceVersion "1"]
[SourceVersionDate "2022.09.30"]
[SourceQuality "1"]

1. e4 c6 2. d4 d5 3. Nc3 g6 4. h4 dxe4 5. Nxe4 Bg7 6. c3 Nf6 7. Nxf6+ Bxf6 8. Be3 Qa5 9. Qd2 Be6 10. Nf3 Nd7 11. Ng5 Bxg5 12. hxg5 Nb6 13. Qc2 Bc4 14. Bf4 0-0-0 15. Bxc4 Nxc4 16. Qe2 Qd5 17. 0-0-0 Nd6 18. Qg4+ Nf5 19. b3 f6 20. Rhe1 Rd7 21. Bh2 Rhd8 22. Kb2 b5 23. f3 Kb7 24. Qf4 a5 25. gxf6 exf6 26. Re4 a4 27. g4 Nd6 28. Ree1 Rf8 29. Rd3 axb3 30. axb3 Ra8 31. Rdd1 b4 32. Qe3 Re8 33. Qf4 bxc3+ 34. Kc2 Rxe1 35. Rxe1 Qa5 36. Rd1 g5 37. Qg3 Qa3 38. Kxc3 Ka6 39. Qf2 Nb5+ 40. Kc4 Kb7 41. d5 cxd5+ 42. Kxb5 Qxb3+ 43. Ka5 d4 44. Rxd4 Qb6+ 0-1

[Event "Anapa Sea Harbor Cup"]
[White "Zhugin, Nikolay"]
[Black "Aleksandrov, Danila"]
[Site "Anapa"]
[Round "7"]
[Result "1/2-1/2"]
[Date "2022.06.08"]
[WhiteElo "2117"]
[BlackElo "2125"]
[PlyCount "88"]
[EventDate "2022.06.02"]
[EventType "swiss"]
[EventRounds "9"]
[EventCountry "RUS"]
[SourceTitle "CBM 208 Extra"]
[Source "ChessBase"]
[SourceDate "2022.07.31"]
[SourceVersion "1"]
[SourceVersionDate "2022.07.31"]
[SourceQuality "1"]

1. e4 c6 2. d4 d5 3. Nd2 dxe4 4. Nxe4 Nf6 5. Nxf6+ exf6 6. c3 Bd6 7. Bd3 Na6 8. Ne2 Nc7 9. Qc2 h5 10. Bd2 Kf8 11. 0-0-0 Nd5 12. Kb1 b5 13. Ng3 Be6 14. Ne4 g6 15. h3 Kg7 16. g4 Nf4 17. f3 Qc7 18. Nxd6 Qxd6 19. Be4 Bd5 20. Bc1 Rae8 21. Rde1 hxg4 22. hxg4 Ne6 23. Qf2 c5 24. Rxh8 Rxh8 25. f4 cxd4 26. Bxd5 Qxd5 27. f5 gxf5 28. gxf5 Ng5 29. cxd4 Rh1 30. Rxh1 Qxh1 31. Qf4 Qd1 32. b3 Qd3+ 33. Kb2 a5 34. Qg4 Qf3 35. Qxf3 Nxf3 36. Kc3 Nh4 37. a4 bxa4 38. bxa4 Kf8 39. Kd3 Nxf5 40. Ke4 Ne7 41. Bd2 Ke8 42. Bxa5 f5+ 43. Kf3 Nc6 44. Bb6 Nxd4+ 1/2-1/2

[Event "Gelendzhik op"]
[White "Zhugin, Nikolay"]
[Black "Voit, Daria"]
[Site "Gelendzhik"]
[Round "8"]
[Result "1/2-1/2"]
[Date "2022.05.25"]
[WhiteElo "1872"]
[BlackElo "2350"]
[PlyCount "140"]
[EventDate "2022.05.18"]
[EventType "swiss"]
[EventRounds "9"]
[EventCountry "RUS"]
[SourceTitle "CBM 208 Extra"]
[Source "ChessBase"]
[SourceDate "2022.07.31"]
[SourceVersion "1"]
[SourceVersionDate "2022.07.31"]
[SourceQuality "1"]

1. d4 Nf6 2. c4 e6 3. Nf3 Bb4+ 4. Bd2 c5 5. Bxb4 cxb4 6. a3 bxa3 7. Rxa3 b6 8. Nc3 d5 9. e3 0-0 10. Bd3 dxc4 11. Bxc4 Bb7 12. 0-0 a6 13. Be2 b5 14. Ra1 Nbd7 15. Nd2 Nb6 16. Nb3 Nbd5 17. Nc5 Nxc3 18. bxc3 Qb6 19. c4 Bc6 20. Nb3 bxc4 21. Na5 c3 22. Qc2 Rfc8 23. Nc4 Qc7 24. Qxc3 Bb5 25. Rfc1 Bxc4 26. Bxc4 a5 27. Qa3 Qd7 28. Be2 Rxc1+ 29. Rxc1 Nd5 30. Rc5 a4 31. Bb5 Qa7 32. Qxa4 Qxa4 33. Bxa4 f5 34. Bb5 Ra1+ 35. Bf1 Nf6 36. g3 Ne4 37. Rc2 Rd1 38. Kg2 Rd2 39. Rxd2 Nxd2 40. Bd3 Kf7 41. f3 Kf6 42. Kf2 Nb3 43. Bc4 Na5 44. Bb5 Nb7 45. Bc6 Nd6 46. Ke2 Nc4 47. Kd3 Nd6 48. Ba4 Ke7 49. e4 fxe4+ 50. fxe4 Nf7 51. e5 Nh6 52. Ke4 Kf7 53. Bd7 Ng8 54. d5 exd5+ 55. Kxd5 Ne7+ 56. Kd6 Kf8 57. Bg4 Ke8 58. h4 Kf8 59. h5 Ke8 60. Be6 Kd8 61. g4 Ke8 62. Bd7+ Kf7 63. Bf5 h6 64. Kd7 Kf8 65. Be4 Kf7 66. Bd3 Kf8 67. Bg6 Nd5 68. Kd6 Ne7 69. Ke6 Nxg6 70. hxg6 Ke8 1/2-1/2

[Event "Black Sea GP Blitz"]
[White "Demidov, Mikhail"]
[Black "Zhugin, Nikolay"]
[Site "Evpatoria"]
[Round "13"]
[Result "1-0"]
[Date "2021.10.30"]
[WhiteElo "2551"]
[BlackElo "2009"]
[PlyCount "57"]
[EventDate "2021.10.30"]
[EventType "swiss (blitz)"]
[EventRounds "13"]
[EventCountry "UKR"]
[SourceTitle "EXT 2023"]
[Source "ChessBase"]
[SourceDate "2022.10.05"]
[SourceVersion "1"]
[SourceVersionDate "2022.10.05"]
[SourceQuality "1"]

1. Nf3 c5 2. g3 Nc6 3. Bg2 d6 4. d4 cxd4 5. Nxd4 Bd7 6. c4 g6 7. Nc2 Bg7 8. Ne3 Rc8 9. 0-0 Nh6 10. Nc3 Nf5 11. Ned5 0-0 12. Bg5 h6 13. Bd2 e6 14. Nf4 a6 15. Rc1 Qc7 16. b3 Nb4 17. Ne4 a5 18. a3 Na6 19. Bc3 Bc6 20. Bxg7 Kxg7 21. Qd2 Bxe4 22. Bxe4 Ne7 23. Rfd1 Rcd8 24. b4 Nb8 25. b5 b6 26. h4 h5 27. Rc3 e5 28. Nd5 Nxd5 29. Bxd5 1-0

[Event "Black Sea GP Rapid"]
[White "Triapishko, Alexandr"]
[Black "Zhugin, Nikolay"]
[Site "Evpatoria"]
[Round "9"]
[Result "1/2-1/2"]
[Date "2021.10.29"]
[WhiteElo "2506"]
[BlackElo "2009"]
[PlyCount "64"]
[EventDate "2021.10.28"]
[EventType "swiss (rapid)"]
[EventRounds "9"]
[EventCountry "UKR"]
[SourceTitle "CBM 204 Extra"]
[Source "ChessBase"]
[SourceDate "2021.11.30"]
[SourceVersion "1"]
[SourceVersionDate "2021.11.30"]
[SourceQuality "1"]

1. Nf3 c5 2. c4 Nc6 3. Nc3 g6 4. e3 Bg7 5. d4 d6 6. d5 Ne5 7. Nxe5 Bxe5 8. e4 f5 9. exf5 Bxf5 10. Bd3 e6 11. 0-0 Nf6 12. Bxf5 exf5 13. Ne2 Nh5 14. Ng3 Nxg3 15. hxg3 0-0 16. Bf4 Bxf4 17. gxf4 Qf6 18. Re1 Rfe8 19. Qb3 Re7 20. Re3 Rae8 21. Rae1 Kf8 22. a4 b6 23. g3 h5 24. Kg2 h4 25. Rxe7 Rxe7 26. Rxe7 Qxe7 27. gxh4 Qxh4 28. Qe3 Qg4+ 29. Kh2 Qh4+ 30. Kg2 Qg4+ 31. Kh2 Qh4+ 32. Kg2 Qg4+ 1/2-1/2